| 000 | 00831nam a22002297a 4500 | ||
|---|---|---|---|
| 999 |
_c17187 _d17187 |
||
| 003 | AR-CdUCM | ||
| 008 | 190307b ||||| |||| 00| 0 spa d | ||
| 040 |
_aMUNICIPALIDAD PROVINCIAL DEL CUSCO _cBIBLIOTECA MUNICIPAL DEL CUSCO |
||
| 082 |
_a129.66 / _bO73 |
||
| 100 |
_aOrtega y Gasset, José _95772 |
||
| 245 | _aMeditaciones del Quijote / | ||
| 260 |
_aMadrid : _bTalleres gráficos de ED. Castilla / _c1957. |
||
| 300 |
_a367 paginas ; _c19 cm. |
||
| 440 |
_aSelecta revista de occidente Barbara de Braganza _937055 |
||
| 505 | _aContenido : Meditaciones del Quijote -- Meditación preliminar -- Géneros literarios ... | ||
| 650 |
_aLiteratura universal _9611 |
||
| 650 |
_aLiteratura Española _9612 |
||
| 650 |
_aLiteratura Clásica _912093 |
||
| 700 |
_aMarías, Julián _912094 |
||
| 942 |
_2ddc _cLIBROS |
||
| 945 | _arah | ||